000 00488nam a2200181Ia 4500
100 _aDas G
245 0 _aLong term performance of new generation Hevea clones introduced to Sub-Himalayan West Bengal
260 _bRubber Science, 32(3)
_c2019
300 _a283-293
650 _aCold stress
650 _aGrowth adaptability
650 _aHevea clones
650 _aSub-Himalayan West Bengal
700 _aMeenakumari T
700 _aKumar S
700 _aMydin K.K
942 _cBS
999 _c49123
_d49123